书目信息 |
| 题名: |
汽车四轮定位仪妙用手册
|
|
| 作者: | 常红涛 主编 | |
| 分册: | ||
| 出版信息: | 北京 机械工业出版社 2014.05 |
|
| 页数: | 182页 | |
| 开本: | 26cm | |
| 丛书名: | ||
| 单 册: | ||
| 中图分类: | U463.34-62 | |
| 科图分类: | ||
| 主题词: | 汽车--车轮--定位--手册 , 汽车 , 车轮 , 定位 | |
| 电子资源: | ||
| ISBN: | 978-7-111-46470-9 | |
| 000 | 00958nam0 2200277 450 | |
| 001 | 5406 | |
| 005 | 20181016164841.68 | |
| 010 | @a978-7-111-46470-9@dCNY39.80 | |
| 100 | @a20140909d2014 em y0chiy50 ea | |
| 101 | 0 | @achi |
| 102 | @aCN@b110000 | |
| 105 | @aa z 000yy | |
| 200 | 1 | @a汽车四轮定位仪妙用手册@9qi che si lun ding wei yi miao yong shou ce@f常红涛主编 |
| 205 | @a2版 | |
| 210 | @a北京@c机械工业出版社@d2014.05 | |
| 215 | @a182页@c图@d26cm | |
| 300 | @a双色版 | |
| 330 | @a本书分为如何调整四轮定位、四轮定位设备原理、现代汽车底盘控制原理三个部分,包括运用四轮定位仪的注意事项、四轮定位参数在常见悬架结构中的体现、汽车四轮定位的调整妙招、汽车四轮定位故障诊断与案例分析、四轮定位相关参数等内容。 | |
| 606 | 0 | @a汽车@x车轮@x定位@j手册 |
| 606 | 0 | @a汽车 |
| 606 | 0 | @a车轮 |
| 606 | 0 | @a定位 |
| 690 | @aU463.34-62@v5 | |
| 701 | 0 | @a常红涛@9chang hong tao@4主编 |
| 801 | 0 | @aCN@b91MARC@c20150426 |
| 905 | @aMuseLib@dU463.34-62@e815=2 | |
| 汽车四轮定位仪妙用手册/常红涛主编.-2版.-北京:机械工业出版社,2014.05 |
| 182页:图;26cm |
| 双色版 |
| ISBN 978-7-111-46470-9:CNY39.80 |
| 本书分为如何调整四轮定位、四轮定位设备原理、现代汽车底盘控制原理三个部分,包括运用四轮定位仪的注意事项、四轮定位参数在常见悬架结构中的体现、汽车四轮定位的调整妙招、汽车四轮定位故障诊断与案例分析、四轮定位相关参数等内容。 |
| ● |
| 相关链接 |
|
|
|
|
正题名:汽车四轮定位仪妙用手册
索取号:U463.34-62/815=2
 
预约/预借
| 序号 | 登录号 | 条形码 | 馆藏地/架位号 | 状态 | 备注 |
| 1 | 1129550 | 211295506 | 第二样本阅览室/ [索取号:U463.34-62/815=2] | 在馆 | |
| 2 | 1129551 | 211295515 | 密集书库-物理学院/ [索取号:U463.34-62/815=2] | 在馆 | |
| 3 | 1129552 | 211295524 | 第三借阅区/ [索取号:U463.34-62/815=2] | 在馆 | |
| 4 | 1129553 | 211295533 | 第三借阅区/ [索取号:U463.34-62/815=2] | 在馆 | |
| 5 | 1129554 | 211295542 | 第三借阅区/ [索取号:U463.34-62/815=2] | 在馆 |